UBT Library

Practical electrocardiography / (Record no. 41101)

000 -LEADER
fixed length control field 00610cam a2200229 a 4500
001 - CONTROL NUMBER
control field 3750761
005 - DATE AND TIME OF LATEST TRANSACTION
control field 20180127083342.0
008 - FIXED-LENGTH DATA ELEMENTS--GENERAL INFORMATION
fixed length control field 820527s1983 mdua b 001 0 eng
010 ## - LIBRARY OF CONGRESS CONTROL NUMBER
LC control number 82011170
020 ## - INTERNATIONAL STANDARD BOOK NUMBER
International Standard Book Number 0683055747
040 ## - CATALOGING SOURCE
Original cataloging agency DLC
Transcribing agency DLC
Modifying agency DLC
041 ## - LANGUAGE CODE
Language code of text/sound track or separate title eng
060 ## - NATIONAL LIBRARY OF MEDICINE CALL NUMBER
Classification number WG 140 M359p
080 ## - UNIVERSAL DECIMAL CLASSIFICATION NUMBER
Universal Decimal Classification number 616.1207
082 00 - DEWEY DECIMAL CLASSIFICATION NUMBER
Classification number 616.1207 MAR
Edition number 19
100 1# - Rafti
Rafti Marriott, Henry J. L.
101 ## - Shkurtesa
Shkurtesa KAR
245 10 - TITLE STATEMENT
Title Practical electrocardiography /
Statement of responsibility, etc Henry J.L. Marriott.
504 ## - BIBLIOGRAPHY, ETC. NOTE
Bibliography, etc Includes bibliographies and index.
906 ## - LOCAL DATA ELEMENT F, LDF (RLIN)
a 7
b cbc
c orignew
d 1
e ocip
f 19
g y-gencatlg
942 ## - ADDED ENTRY ELEMENTS (KOHA)
Source of classification or shelving scheme
Item type Books
Holdings
Withdrawn status Lost status Source of classification or shelving scheme Damaged status Not for loan Collection code Permanent location Current location Shelving location Date acquired Total Checkouts Full call number Barcode Date last seen Price effective from Koha item type
          Koleksioni i përgjithshem UBT - Lipjan UBT - Lipjan Koleksioni i përgjithshem 01/27/2018   616.1207 MAR 002-2996685 01/27/2018 01/27/2018 Books
UBT Library © 2015-2024. All rights reserved University Education for Business and Technology